Partido Acción Nacional : los signos de la institucionalización /

Estudio cuyo objetivo es comprender el desarrollo del Partido Acción Nacional (PAN) en los trece años anteriores a su triunfo en las elecciones presidenciales mexicanas de 2000 y las expectativas de su gobierno futuro. Se parte de que el Partido ha de ser analizado como tal, considerando tanto sus p...

Descrizione completa

Salvato in:
Dettagli Bibliografici
Autore principale: Reveles Vázquez, Francisco (autor)
Natura: Libro
Lingua:spagnolo
Pubblicazione: México : UNAM, Facultad de Ciencias Políticas y Sociales : Gernika, 2002, c2002
Serie:(Ciencias Políticas Gernika ; 37)
Soggetti:
Tags: Aggiungi Tag
Nessun Tag, puoi essere il primo ad aggiungerne!!

MARC

LEADER 00000nam^a2200000^a^4500
001 000148965
005 20250521000000.0
009 20260526124538.245
020 |a 970-637-123-0 
037 |a Acervo ITESO - Biblioteca 
041 |a ESP 
082 |a 324. 272  |b REV 
100 |a Reveles Vázquez, Francisco  |e (autor) 
245 1 0 |a Partido Acción Nacional :  |b los signos de la institucionalización /  |c F. Reveles Vázquez. 
264 4 |a México :  |b UNAM, Facultad de Ciencias Políticas y Sociales :  |b Gernika,  |c 2002, c2002 
300 |a 551 p. 
336 |a texto  |b txt  |2 rdacontenido 
337 |a sin mediación  |b n  |2 rdamedio 
338 |a volumen  |b nc  |2 rdasoporte 
440 1 |a (Ciencias Políticas Gernika ;  |v 37) 
520 |a Estudio cuyo objetivo es comprender el desarrollo del Partido Acción Nacional (PAN) en los trece años anteriores a su triunfo en las elecciones presidenciales mexicanas de 2000 y las expectativas de su gobierno futuro. Se parte de que el Partido ha de ser analizado como tal, considerando tanto sus procesos internos como su actuación en el entorno político durante los años 1987-2000. 
649 |a XX 
650 |a Partido Acción Nacional -  |z México -  |x Historia 
650 |a Partidos Políticos -  |z México -  |x Historia 
650 |a Participación Política -  |z México -  |x Historia 
650 |a Oposición Política -  |z México -  |x Historia 
650 |a Elecciones -  |z México -  |x Historia 
650 |a Política Social -  |z México -  |x Historia 
650 |a Política Económica -  |z México -  |x Historia 
650 |a Economía -  |z México -  |x Historia 
650 |a Política -  |z México -  |x Historia -  |y 1988-1994 
650 |a Política -  |z México -  |x Historia -  |y 1994-2000 
650 |a Política -  |z México -  |x Historia -  |y Siglo XX 
910 |a Fondo General 
920 |a Impresos - Libros 
930 |a Colección General 
905 |a 101 
901 |a 0500078464  |b IT1  |c ACC  |u 20250521 
902 |a https://opac.biblio.iteso.mx/vufind/Record/000148965